Rendición del héroe : (Record no. 192107)

MARC details
000 -LEADER
campo de control de longitud fija 01443nam a2200373 i 4500
001 - NÚMERO DE CONTROL
campo de control 192107
003 - IDENTIFICADOR DE NÚMERO DE CONTROL
campo de control SpMaBN
005 - FECHA Y HORA DE LA ÚLTIMA TRANSACCIÓN
campo de control 20250801150629.0
008 - DATOS DE LONGITUD FIJA--INFORMACIÓN GENERAL
campo de control de longitud fija 221104s2019 sp a | |||| 000 0 spa
017 ## - NÚMERO DE COPYRIGHT O DE DEPÓSITO LEGAL
Número de copyright o de depósito legal M 18626-2019
Agencia que asigna Oficina Depósito Legal Madrid
020 ## - NÚMERO INTERNACIONAL ESTÁNDAR DEL LIBRO
Número Internacional Estándar del Libro 9788412050936
040 ## - FUENTE DE CATALOGACIÓN
Centro/agencia transcriptor SpMaBN
080 ## - NÚMERO DE LA CLASIFICACIÓN DECIMAL UNIVERSAL
Número de la Clasificación Decimal Universal 82-051"17/18"
080 ## - NÚMERO DE LA CLASIFICACIÓN DECIMAL UNIVERSAL
Número de la Clasificación Decimal Universal 82"18".09
080 ## - NÚMERO DE LA CLASIFICACIÓN DECIMAL UNIVERSAL
Número de la Clasificación Decimal Universal 821.134.2-84.09
100 1# - ENTRADA PRINCIPAL--NOMBRE DE PERSONA
Nombre de persona Neila, Manuel,
Fechas asociadas al nombre 1950-
9 (RLIN) 85334
Término indicativo de función/relación Autor
245 10 - MENCIÓN DEL TÍTULO
Título Rendición del héroe :
Resto del título (del poeta romántico al hombre imaginativo) /
Mención de responsabilidad, etc. Manuel Neila ; prólogo de José Manuel Lucía Megías.
260 ## - PUBLICACIÓN, DISTRIBUCIÓN, ETC.
Lugar de publicación, distribución, etc. Madrid :
Nombre del editor, distribuidor, etc. Polibea,
Fecha de publicación, distribución, etc. 2019.
300 ## - DESCRIPCIÓN FÍSICA
Extensión 298 páginas ;
Dimensiones 19 cm.
490 1# - MENCIÓN DE SERIE
Mención de serie La espada en el ágata
Designación de volumen o secuencia ; 23
650 #4 - PUNTO DE ACCESO ADICIONAL DE MATERIA--TÉRMINO DE MATERIA
Término de materia o nombre geográfico como elemento de entrada Escritores españoles-
Subdivisión cronológica S.XVIII
9 (RLIN) 170099
650 #7 - PUNTO DE ACCESO ADICIONAL DE MATERIA--TÉRMINO DE MATERIA
Término de materia o nombre geográfico como elemento de entrada Escritores españoles-
Subdivisión cronológica S.XIX
9 (RLIN) 145488
650 #7 - PUNTO DE ACCESO ADICIONAL DE MATERIA--TÉRMINO DE MATERIA
Término de materia o nombre geográfico como elemento de entrada Romanticismo (Literatura)
Fuente del encabezamiento o término embne
9 (RLIN) 148476
650 #4 - PUNTO DE ACCESO ADICIONAL DE MATERIA--TÉRMINO DE MATERIA
Término de materia o nombre geográfico como elemento de entrada Literatura española-
Subdivisión cronológica S.XVIII-
Subdivisión general Historia y crítica.
9 (RLIN) 14574
650 #4 - PUNTO DE ACCESO ADICIONAL DE MATERIA--TÉRMINO DE MATERIA
Término de materia o nombre geográfico como elemento de entrada Literatura española-
Subdivisión cronológica S.XIX-
Subdivisión general Historia y crítica.
9 (RLIN) 14568
650 #4 - PUNTO DE ACCESO ADICIONAL DE MATERIA--TÉRMINO DE MATERIA
Término de materia o nombre geográfico como elemento de entrada Máximas y aforismos.
9 (RLIN) 14865
700 1# - ENTRADA AGREGADA--NOMBRE PERSONAL
Nombre de persona Lucía Megías, José Manuel,
Fechas asociadas al nombre 1967-
Término indicativo de función/relación Autor de introducción
9 (RLIN) 240291
830 1# - PUNTO DE ACCESO ADICIONAL DE SERIE-TÍTULO UNIFORME
Título uniforme La espada en el ágata ;
Designación de volumen o secuencia 23
9 (RLIN) 193550
852 4# - LOCALIZACIÓN
Ubicación ES-MaACL
Número de control de estantería N-8073
itemnumber 199389
Ubicación en estantería Depósito J
Donativo/Legado Donación: Manuel Neila
Sublocalización o colección R. 153020
903 ## - NOMBRE PERSONAL DE DONANTE
9 85334
a Neila, Manuel,
d 1950-
e Donante
942 ## - ELEMENTOS DE ENTRADA SECUNDARIOS (KOHA)
Tipo de ítem Koha Libro impreso
Suprimir en OPAC No
Holdings
Estatus retirado Estado de pérdida Fuente del sistema de clasificación o colocación Estado de daño No para préstamo Biblioteca de origen Biblioteca actual Ubicación en estantería Fecha de adquisición Fuente de adquisición Número de control de estantería Total de préstamos Signatura topográfica completa Código de barras Visto por última vez Tipo de ítem Koha
    Clasificación decimal universal     Biblioteca del Ateneo de Madrid Biblioteca del Ateneo de Madrid Depósito J 04/11/2022 Donación Ateneísta   N-8073 101206516 23/02/2023 Libro impreso